=LDR 00000nam 2200000 4500 =001 INLIS000000000036507 =005 20140702111246.0 =006 =007 =008 Ind =035 ##$$0010-061300000036507 =041 ##$$a Ind =082 ##$$a F Rom K =090 ##$$a F Rom K, Mar t =100 ##$$a Marsoli, Lisa =245 ##$$a The princess and the frog = sang putri dan sang katak, Lisa Marsali ; alih bahasa, Rosi L Simamora =260 ##$$a Jakarta $b PT. Gramedia $c 2009 =300 ##$$a 64 hlm, ilus, 24 cm =650 ##$$a Fiksi kanak-kanak =700 ##$$a Simamora, Rosi L =850 ##$$a NBPNMAT =990 ##$$a 0001/BPAP-NTB/20142015